[Event "SVK-ch U14"]
[Site "Liptovsky Mikulas"]
[Date "2018.04.24"]
[Round "6"]
[White "Bucko, Samuel"]
[Black "Minarik, Jozef"]
[Result "0-1"]
[WhiteElo "1483"]
[BlackElo "1428"]
[PlyCount "74"]
[EventDate "2018.04.21"]
[EventType "swiss"]
[EventRounds "9"]
[EventCountry "SVK"]
[SourceTitle "CBM 184 Extra"]
[Source "ChessBase"]
[SourceDate "2018.06.28"]
[SourceVersion "1"]
[SourceVersionDate "2018.06.28"]
[SourceQuality "1"]

1. e4 c5 2. Nf3 g6 3. c3 Bg7 4. d4 cxd4 5. cxd4 d6 6. Nc3 Nc6 7. Bb5 a6 8. Ba4 b5 9. Bb3 e6 10. 0-0 Nge7 11. Be3 0-0 12. Qd2 Re8 13. Bh6 Bh8 14. Rad1 Na5 15. Bc2 Nc4 16. Qc1 Bb7 17. b3 Nb6 18. Bg5 Qc7 19. Qb2 Rac8 20. Bd2 Nc6 21. Ne2 Qe7 22. Rc1 Rc7 23. Bd3 Rec8 24. Rc2 Nd7 25. Rfc1 Nc5 26. Qc3 Nb4 27. Qxb4 Nxd3 28. Rxc7 Qxc7 29. Qa3 Bxe4 30. Ba5 Qc6 31. Nd2 Bxg2 32. Bc7 Bh1 33. f3 Bxf3 34. Nxf3 Qxf3 35. Qxd6 Qf2+ 36. Kh1 Qf1+ 37. Ng1 Nf2# 0-1

[Event "SVK-ch U14"]
[Site "Liptovsky Mikulas"]
[Date "2018.04.22"]
[Round "3"]
[White "Mezes, Kristof"]
[Black "Bucko, Samuel"]
[Result "1-0"]
[WhiteElo "1625"]
[BlackElo "1483"]
[PlyCount "77"]
[EventDate "2018.04.21"]
[EventType "swiss"]
[EventRounds "9"]
[EventCountry "SVK"]
[SourceTitle "CBM 184 Extra"]
[Source "ChessBase"]
[SourceDate "2018.06.28"]
[SourceVersion "1"]
[SourceVersionDate "2018.06.28"]
[SourceQuality "1"]

1. d4 d5 2. c4 e6 3. Nc3 Nf6 4. Bg5 Be7 5. Nf3 c6 6. e3 Nbd7 7. cxd5 exd5 8. Bd3 0-0 9. 0-0 Re8 10. Re1 Ne4 11. Bxe7 Qxe7 12. Qc2 Ndf6 13. Ne5 Nxc3 14. bxc3 Ne4 15. f3 Ng5 16. h4 Nxf3+ 17. Nxf3 h6 18. e4 Qd8 19. exd5 Rxe1+ 20. Rxe1 Bg4 21. Ne5 Qxh4 22. Rf1 Bh5 23. dxc6 f6 24. cxb7 Rb8 25. Qb3+ Kh8 26. Nd7 Qg3 27. Nxb8 Qxd3 28. Nc6 Qe3+ 29. Kh1 Qd3 30. b8Q+ Kh7 31. Q8g8+ Kg6 32. Ne7+ Kg5 33. Qxg7+ Bg6 34. Qd5+ Kh4 35. Qxh6+ Kg4 36. Qxg6+ Qxg6 37. Nxg6 f5 38. Qxf5+ Kg3 39. Qf3# 1-0

[Event "SVK-ch U12"]
[Site "Liptovsky Mikulas"]
[Date "2016.04.18"]
[Round "4"]
[White "Bucko, Samuel"]
[Black "Jencopala, Alexander"]
[Result "1/2-1/2"]
[WhiteElo "1213"]
[BlackElo "1559"]
[PlyCount "54"]
[EventDate "2016.04.16"]
[EventType "swiss"]
[EventRounds "9"]
[EventCountry "SVK"]
[SourceTitle "CBM 172 Extra"]
[Source "ChessBase"]
[SourceDate "2016.06.21"]
[SourceVersion "1"]
[SourceVersionDate "2016.06.21"]
[SourceQuality "1"]

1. e4 c5 2. Nf3 d6 3. Nc3 Nf6 4. d4 cxd4 5. Nxd4 g6 6. Bc4 Bg7 7. 0-0 0-0 8. Bg5 Bd7 9. Re1 Nc6 10. Nxc6 Bxc6 11. Bd5 Qc7 12. Bxc6 bxc6 13. Rb1 Rfe8 14. b4 a6 15. a3 Nd7 16. Na2 Nf6 17. c4 c5 18. h3 Ra7 19. Qb3 Raa8 20. Nc3 cxb4 21. axb4 Rec8 22. Nd5 Nxd5 23. cxd5 f6 24. Be3 Qb7 25. Bd4 Qb5 26. Qb2 Rc4 27. Re3 Rac8 1/2-1/2

[Event "SVK-ch U12"]
[Site "Liptovsky Mikulas"]
[Date "2016.04.16"]
[Round "1"]
[White "Gyerpal, Adrian"]
[Black "Bucko, Samuel"]
[Result "1-0"]
[WhiteElo "1673"]
[BlackElo "1213"]
[PlyCount "95"]
[EventDate "2016.04.16"]
[EventType "swiss"]
[EventRounds "9"]
[EventCountry "SVK"]
[SourceTitle "CBM 172 Extra"]
[Source "ChessBase"]
[SourceDate "2016.06.21"]
[SourceVersion "1"]
[SourceVersionDate "2016.06.21"]
[SourceQuality "1"]

1. Nf3 Nf6 2. d4 d5 3. c4 e6 4. e3 Bb4+ 5. Bd2 Qe7 6. Qa4+ Nc6 7. Ne5 Bxd2+ 8. Nxd2 Bd7 9. Nxd7 Qxd7 10. a3 e5 11. cxd5 Qxd5 12. Nf3 0-0-0 13. Bc4 Qd7 14. dxe5 Nxe5 15. Qxd7+ Nfxd7 16. Be2 Nxf3+ 17. Bxf3 Ne5 18. Be4 Nd3+ 19. Bxd3 Rxd3 20. Ke2 Rhd8 21. Rhd1 Rxd1 22. Rxd1 Rxd1 23. Kxd1 Kd7 24. Ke2 Kd6 25. Kd3 Kd5 26. e4+ Kd6 27. f4 f6 28. g3 h6 29. b3 g6 30. b4 a6 31. Kd4 b6 32. Kc4 c6 33. a4 h5 34. Kd4 Ke6 35. a5 bxa5 36. bxa5 Kd6 37. Kc4 g5 38. Kd4 c5+ 39. Kc4 Kc6 40. e5 f5 41. e6 Kd6 42. e7 Kxe7 43. Kxc5 Kd7 44. Kd5 Kc7 45. Ke5 Kc6 46. Kxf5 Kb5 47. Kxg5 Kxa5 48. f5 1-0

[Event "SVK-ch U10"]
[Site "Tatralandia"]
[Date "2015.04.22"]
[Round "6"]
[White "Marko, Maxim"]
[Black "Bucko, Samuel"]
[Result "1-0"]
[WhiteElo "1197"]
[BlackElo "1000"]
[PlyCount "47"]
[EventDate "2015.04.18"]
[EventType "swiss"]
[EventRounds "9"]
[EventCountry "SVK"]
[SourceTitle "CBM 166 Extra"]
[Source "ChessBase"]
[SourceDate "2015.06.18"]
[SourceVersion "1"]
[SourceVersionDate "2015.06.18"]
[SourceQuality "1"]

1. e4 e5 2. Nf3 Nf6 3. Nxe5 d6 4. Nf3 Nxe4 5. Bc4 d5 6. Bb3 Bd6 7. Bxd5 Bc5 8. Bxe4 0-0 9. 0-0 Re8 10. Nc3 Bb4 11. Re1 Bxc3 12. Bxh7+ Kxh7 13. Rxe8 Qxe8 14. dxc3 Bg4 15. Bf4 f6 16. Qd3+ g6 17. Bxc7 Bf5 18. Qd6 Bxc2 19. Qxf6 Nd7 20. Qh4+ Kg8 21. Re1 Qc8 22. Re7 Nf8 23. Be5 Qc5 24. Qh8# 1-0

[Event "SVK-ch U10"]
[Site "Tatralandia"]
[Date "2015.04.20"]
[Round "4"]
[White "Nikodem, Jakub"]
[Black "Bucko, Samuel"]
[Result "0-1"]
[WhiteElo "1000"]
[BlackElo "1000"]
[PlyCount "66"]
[EventDate "2015.04.18"]
[EventType "swiss"]
[EventRounds "9"]
[EventCountry "SVK"]
[SourceTitle "CBM 166 Extra"]
[Source "ChessBase"]
[SourceDate "2015.06.18"]
[SourceVersion "1"]
[SourceVersionDate "2015.06.18"]
[SourceQuality "1"]

1. e4 e5 2. Nf3 Nf6 3. d3 Nc6 4. Be2 Bc5 5. 0-0 0-0 6. c3 d5 7. b4 Bd6 8. h3 dxe4 9. dxe4 Nxe4 10. b5 Ne7 11. Qd3 Nc5 12. Qc2 Bf5 13. Qb2 Nd3 14. Qb3 Nxc1 15. Rxc1 Be6 16. Qc2 c6 17. Ng5 Nf5 18. h4 h6 19. Nxe6 fxe6 20. g3 Qb6 21. Bc4 Rfe8 22. Nd2 Nxg3 23. Nb3 Bc5 24. Nxc5 Qxc5 25. Bd3 cxb5 26. Bh7+ Kh8 27. Rd1 Re7 28. Kg2 Nf5 29. Bg6 Nxh4+ 30. Kg3 Nxg6 31. Qxg6 Qxf2+ 32. Kg4 Qg2+ 33. Kh4 Qxg6 0-1